Análisis inorgánico cualitativo sistemático / (Record no. 38676)

MARC details
000 -LEADER
campo de control de longitud fija 00738nam a2200217 i 4500
001 - NÚMERO DE CONTROL
campo de control 38676
003 - IDENTIFICADOR DE NÚMERO DE CONTROL
campo de control ES-MaACL
005 - FECHA Y HORA DE LA ÚLTIMA TRANSACCIÓN
campo de control 20230906155811.0
007 - CAMPO FIJO DE DESCRIPCIÓN FÍSICA--INFORMACIÓN GENERAL
campo de control de longitud fija t|
008 - DATOS DE LONGITUD FIJA--INFORMACIÓN GENERAL
campo de control de longitud fija 030226s1986 sp ||||1| spa d
100 1# - ENTRADA PRINCIPAL--NOMBRE DE PERSONA
Nombre de persona Buscarons, Francisco.
9 (RLIN) 32804
245 10 - MENCIÓN DEL TÍTULO
Título Análisis inorgánico cualitativo sistemático /
Mención de responsabilidad, etc. Francisco Buscarons.
250 ## - MENCION DE EDICION
Mención de edición 7ª ed. act. y amp. / por Fermín Capitán García y Luis-Fermín Capitán Vallvey.
260 ## - PUBLICACIÓN, DISTRIBUCIÓN, ETC.
Lugar de publicación, distribución, etc. Barcelona, etc. :
Nombre del editor, distribuidor, etc. Reverté,
Fecha de publicación, distribución, etc. [1986]
300 ## - DESCRIPCIÓN FÍSICA
Extensión 383 p. :
Otras características físicas il. ;
Dimensiones 22 cm.
500 ## - NOTA GENERAL
Nota general Indice.
504 ## - NOTA DE BIBLIOGRAFÍA, ETC.
Nota de bibliografía, etc. Bibliografía: p. 365-366.
700 1# - ENTRADA AGREGADA--NOMBRE PERSONAL
Nombre de persona Capitán García, Fermín.
9 (RLIN) 34851
700 1# - ENTRADA AGREGADA--NOMBRE PERSONAL
Nombre de persona Capitán Vallvey, Luis-Fermín.
9 (RLIN) 34852
852 ## - LOCALIZACIÓN
Ubicación ES-MaACL
Número de control de estantería L-11033
Sublocalización o colección R.112774
Holdings
Estatus retirado Estado de pérdida Estado de daño No para préstamo Biblioteca de origen Biblioteca actual Ubicación en estantería Fecha de adquisición Fuente de adquisición Total de préstamos Signatura topográfica completa Código de barras Visto por última vez Precio de reemplazo Tipo de ítem Koha
        Biblioteca del Ateneo de Madrid Biblioteca del Ateneo de Madrid Depósito 2 17/01/2008     L-11033 1040728 23/02/2023 23/02/2023 Libro impreso